[Event "SR 4. liga A21 2011/2012"]
[Site "?"]
[Date "2011.10.23"]
[Round "2.5"]
[White "Madzo, Anton"]
[Black "Sahidi, Samir"]
[Result "1/2-1/2"]
[WhiteElo "1526"]
[BlackElo "1449"]
[PlyCount "69"]
[EventDate "2011.??.??"]

1. c4 e6 2. Nc3 d5 3. cxd5 exd5 4. d4 Nf6 5. g3 Bd6 6. Bg2 Be6 7. Nf3 Nbd7 8.
O-O Qe7 9. Re1 O-O 10. Bg5 h6 11. Bxf6 Nxf6 12. e4 dxe4 13. Nxe4 Nxe4 14. Rxe4
Qd7 15. Ne5 Qb5 16. b3 Rfe8 17. Qe2 Qxe2 18. Rxe2 c6 19. Bf3 Bd5 20. Bxd5 cxd5
21. Kf1 Rac8 22. Nd3 Rxe2 23. Kxe2 Rc2+ 24. Ke3 Kf8 25. a3 Rc3 26. b4 b6 27.
Kd2 Rc4 28. Ke3 Ke7 29. Rc1 Ke6 30. f4 Rxc1 31. Nxc1 a5 32. bxa5 bxa5 33. a4
Kf5 34. h3 g5 35. Ne2 1/2-1/2

[Event "SR 4. liga A21 2011/2012"]
[Site "?"]
[Date "2011.10.23"]
[Round "2.5"]
[White "Podjavorinsky, Michal"]
[Black "Capanda, Jan"]
[Result "0-1"]
[WhiteElo "1000"]
[BlackElo "1000"]
[PlyCount "44"]
[EventDate "2011.??.??"]

1. e4 Nf6 2. Nc3 d5 3. exd5 Nxd5 4. Nxd5 Qxd5 5. Qf3 Qc5 6. Qb3 a6 7. Nf3 Nc6
8. d3 e6 9. Bf4 b5 10. Qc3 Qb6 11. Ne5 Bb4 12. Nxc6 Bxc3+ 13. bxc3 Qxc6 14. Kd2
O-O 15. d4 Bb7 16. f3 Rad8 17. Bd3 f6 18. Rhe1 Qb6 19. c4 bxc4 20. Rab1 Qa5+
21. Ke3 cxd3 22. Kxd3 e5 0-1

[Event "SR 4. liga A21 2011/2012"]
[Site "?"]
[Date "2011.10.23"]
[Round "2.5"]
[White "Podjavorinsky, Peter"]
[Black "Jablonicky, Martin"]
[Result "0-1"]
[WhiteElo "1733"]
[BlackElo "1757"]
[PlyCount "28"]
[EventDate "2011.??.??"]

1. e4 c5 2. Nf3 d6 3. Bc4 e6 4. d4 Nf6 5. Nc3 cxd4 6. Nxd4 a6 7. a4 e5 8. Nde2
Be6 9. Ba2 Nbd7 10. O-O Bxa2 11. Rxa2 h5 12. Be3 Ng4 13. Ng3 Qh4 14. h3 Nxe3
0-1

[Event "SR 4. liga A21 2011/2012"]
[Site "?"]
[Date "2011.10.23"]
[Round "2.6"]
[White "Brath, Zdeno"]
[Black "Bluml, Lubomir"]
[Result "0-1"]
[WhiteElo "1450"]
[BlackElo "1000"]
[PlyCount "144"]
[EventDate "2011.??.??"]

1. e4 e5 2. Nf3 d6 3. Bc4 h6 4. d4 exd4 5. Nxd4 c6 6. O-O Be7 7. Nf5 Bxf5 8.
exf5 Nf6 9. Nc3 O-O 10. Qf3 d5 11. Bd3 Nh7 12. Be3 d4 13. Bxh6 gxh6 14. Ne4 Bf6
15. Qg4+ Bg7 16. f4 Nd7 17. Rf3 Ndf6 18. Qh3 Nxe4 19. Bxe4 Qf6 20. Rd1 Rfe8 21.
Bd3 Re7 22. g4 Rae8 23. Rdf1 Re1 24. Rg3 Rxf1+ 25. Kxf1 Qe7 26. g5 Qe1+ 27. Kg2
Qd2+ 28. Kg1 Re1+ 29. Bf1 hxg5 30. Qg4 Qxf4 31. Qxf4 gxf4 32. Rg4 f3 33. Kf2
Re3 34. Bd3 Kf8 35. Rg3 Be5 36. Rxf3 Rxf3+ 37. Kxf3 Ng5+ 38. Kg4 f6 39. h4 Nf7
40. h5 Nh6+ 41. Kf3 c5 42. Ke4 Ke7 43. Kd5 Bd6 44. a4 a6 45. b3 Kd7 46. Be4 b6
47. Kc4 a5 48. Kb5 Kc7 49. Kc4 Kd7 50. Kb5 Bc7 51. Kc4 Kd6 52. Kb5 Ke5 53. Bd3
Kf4 54. Kc6 Bd8 55. Kd7 Nf7 56. Bc4 Nh6 57. Kxd8 Kxf5 58. Ke7 Kg5 59. Be2 f5
60. Kf8 f4 61. Bf3 Nf5 62. Ke8 Ne3 63. Be4 Kxh5 64. Kd7 Kg4 65. Kc6 f3 66. Kxb6
f2 67. Bd3 Nxc2 68. Kxc5 Kf3 69. Kc4 Ke3 70. Bf1 Nb4 71. Kb5 d3 72. Kc4 d2 0-1

[Event "SR 4. liga A21 2011/2012"]
[Site "?"]
[Date "2011.10.23"]
[Round "2.6"]
[White "Cerovsky, Marian"]
[Black "Skapik, Branislav"]
[Result "1-0"]
[WhiteElo "1733"]
[BlackElo "1848"]
[PlyCount "71"]
[EventDate "2011.??.??"]

1. e4 d5 2. Nc3 d4 3. Nce2 e5 4. Ng3 Nf6 5. Bc4 Nc6 6. a3 Bd6 7. Nf3 Na5 8. Ba2
c5 9. d3 h6 10. h3 Qc7 11. c3 Bd7 12. Bd2 Bb5 13. c4 Bd7 14. b4 Nc6 15. b5 Ne7
16. O-O Qc8 17. Kh2 Ng6 18. Ne2 Nh7 19. Nfg1 f5 20. f4 O-O 21. Bb1 exf4 22. Kh1
fxe4 23. dxe4 Be5 24. Nf3 d3 25. Nc3 Ng5 26. Nxe5 Nxe5 27. Nd5 Qd8 28. Bxf4 Ng6
29. Qxd3 Nxf4 30. Nxf4 Qf6 31. Bc2 Rad8 32. Nd5 Qe5 33. Rad1 Rxf1+ 34. Rxf1 Re8
35. Nc3 b6 36. Qxd7 1-0

[Event "SR 4. liga A21 2011/2012"]
[Site "?"]
[Date "2011.10.23"]
[Round "2.6"]
[White "Pericka, Tomas"]
[Black "Kovarik, Oto"]
[Result "1/2-1/2"]
[WhiteElo "2008"]
[BlackElo "2018"]
[PlyCount "36"]
[EventDate "2011.??.??"]

1. e4 c5 2. Nf3 e6 3. Nc3 Nc6 4. d4 cxd4 5. Nxd4 a6 6. Be3 Qc7 7. Be2 Be7 8.
O-O Nf6 9. f4 d6 10. Qe1 Bd7 11. Qg3 g6 12. Nxc6 Bxc6 13. e5 Ne4 14. Nxe4 Bxe4
15. exd6 Bxd6 16. Bd4 Rg8 17. Qe3 Qc6 18. Bf3 Bxf3 1/2-1/2

[Event "SR 4. liga A21 2011/2012"]
[Site "?"]
[Date "2011.10.23"]
[Round "2.6"]
[White "Sadlon, Juraj"]
[Black "Damborsky, Pavol"]
[Result "1-0"]
[WhiteElo "1860"]
[BlackElo "1769"]
[PlyCount "99"]
[EventDate "2011.??.??"]

1. e4 e5 2. Nf3 d6 3. d4 exd4 4. Nxd4 Nf6 5. Bd3 Be7 6. Nc3 Nbd7 7. Nf5 O-O 8.
Nxe7+ Qxe7 9. Bg5 c6 10. O-O h6 11. Bh4 Ne5 12. f4 Ng6 13. Bg3 Bg4 14. Qe1 Nh5
15. f5 Nxg3 16. Qxg3 Ne5 17. h3 Qg5 18. hxg4 Nxg4 19. Rf4 Ne5 20. Qxg5 hxg5 21.
Rff1 f6 22. Be2 Rfd8 23. Kf2 Kf7 24. Rh1 Rh8 25. Bh5+ Ke7 26. b3 Rh6 27. Rh3
Rah8 28. Rah1 a6 29. Be2 b5 30. Rxh6 gxh6 31. Nb1 g4 32. Rh5 d5 33. exd5 cxd5
34. Nc3 Kd6 35. Ke3 Kc5 36. b4+ Kd6 37. Nxb5+ axb5 38. Bxb5 Rh7 39. a4 Re7 40.
Kd4 Nc6+ 41. Bxc6 Kxc6 42. Rxh6 Re4+ 43. Kc3 Rc4+ 44. Kb3 Kd6 45. Rxf6+ Ke5 46.
Rf8 Kd4 47. Rd8 Rc3+ 48. Kb2 Rg3 49. f6 Rxg2 50. f7 1-0

[Event "SR 4. liga A21 2011/2012"]
[Site "?"]
[Date "2011.10.23"]
[Round "2.6"]
[White "Sprusansky, Ferdinand"]
[Black "Sadlon, Matus"]
[Result "0-1"]
[WhiteElo "1445"]
[BlackElo "1608"]
[PlyCount "80"]
[EventDate "2011.??.??"]

1. e4 e6 2. Nf3 d5 3. exd5 exd5 4. d4 Bg4 5. Nc3 Nf6 6. h3 Bh5 7. Bb5+ c6 8.
Be2 Bd6 9. Bg5 Nbd7 10. O-O Qc7 11. a3 O-O-O 12. Re1 Rde8 13. Qd3 Bg6 14. Qd2
h6 15. Bxf6 Nxf6 16. Bd3 Ne4 17. Bxe4 dxe4 18. Nh4 Bh7 19. d5 g5 20. dxc6 Qxc6
21. Nd5 Bb8 22. Qd4 Be5 23. Qd2 gxh4 24. Rab1 Bf5 25. Nb4 Qg6 26. Kf1 Rhg8 27.
Qe3 Qxg2+ 28. Ke2 Qxh3 29. Qxh3 Bxh3 30. Nd5 Bg2 31. f4 Bd4 32. c3 Bf3+ 33. Kd2
Rg2+ 34. Kc1 Bg7 35. f5 Be5 36. b4 Kb8 37. f6 Rd8 38. Ne3 Bf4 39. Rb2 Bxe3+ 40.
Rxe3 Rd1# 0-1

[Event "SR 4. liga A21 2011/2012"]
[Site "?"]
[Date "2011.11.06"]
[Round "3.1"]
[White "Bluml, Lubomir"]
[Black "Piestansky, Jan"]
[Result "1/2-1/2"]
[WhiteElo "1000"]
[BlackElo "1593"]
[PlyCount "112"]
[EventDate "2011.??.??"]

1. e4 e5 2. Qh5 Qe7 3. Nf3 d6 4. d3 Nf6 5. Qh4 g6 6. Bg5 Bg7 7. Bh6 Bxh6 8.
Qxh6 Qf8 9. Qg5 Qg7 10. h3 Be6 11. Be2 Nc6 12. c3 h6 13. Qc1 Nh5 14. g3 Nf6 15.
Nbd2 a6 16. b3 d5 17. exd5 Nxd5 18. c4 Nde7 19. Ne4 b6 20. Kf1 Rd8 21. Kg2 O-O
22. a3 Nf5 23. Rb1 Ncd4 24. Nxd4 Nxd4 25. Bf1 Kh7 26. Qd2 f5 27. Nc3 f4 28. g4
f3+ 29. Kh2 Bc8 30. Ne4 Bb7 31. Qc3 Qf7 32. Qc1 Bxe4 33. dxe4 Rd7 34. Rb2 Rfd8
35. Qe3 Nc6 36. Rg1 Rd1 37. c5 b5 38. a4 Nd4 39. axb5 axb5 40. Bc4 bxc4 41.
Rxd1 cxb3 42. Rd3 Rb8 43. h4 Qc4 44. c6 Qxc6 45. Rxd4 exd4 46. Qxd4 Qd6+ 47.
Qxd6 cxd6 48. Kg3 Kg7 49. Kxf3 Kf6 50. Kf4 Rb5 51. f3 g5+ 52. hxg5+ hxg5+ 53.
Ke3 Ke5 54. Ke2 Kf4 55. Kf2 Rb4 56. Ke2 Rb5 1/2-1/2

[Event "SR 4. liga A21 2011/2012"]
[Site "?"]
[Date "2011.11.06"]
[Round "3.1"]
[White "Damborsky, Pavol"]
[Black "Vagovic, Milan"]
[Result "0-1"]
[WhiteElo "1769"]
[BlackElo "1697"]
[PlyCount "112"]
[EventDate "2011.??.??"]

1. c4 Nf6 2. Nc3 e6 3. d4 d5 4. cxd5 Nxd5 5. Nxd5 Qxd5 6. Nf3 Nc6 7. e3 Bb4+ 8.
Bd2 Bxd2+ 9. Qxd2 O-O 10. Bd3 Qa5 11. Qxa5 Nxa5 12. O-O Nc6 13. Rfc1 Nb4 14.
Be2 c6 15. a3 Nd5 16. Ne5 f6 17. Nf3 Bd7 18. h3 g6 19. Nd2 Kg7 20. Ne4 Rad8 21.
Bc4 Nb6 22. Nc5 Nxc4 23. Rxc4 Bc8 24. Rac1 Rfe8 25. Rb4 b6 26. Ne4 Bb7 27. Nc3
Re7 28. Na2 b5 29. Rc5 a5 30. Rb3 a4 31. Rbc3 Rd5 32. Nb4 Rxc5 33. Rxc5 Rc7 34.
Na2 Rc8 35. Nb4 Kf7 36. f3 Ke7 37. Kf2 Kd6 38. f4 h6 39. g4 Re8 40. Nd3 Ba6 41.
Nb4 Bb7 42. Ke2 e5 43. fxe5+ fxe5 44. Rxe5 Rxe5 45. dxe5+ Kxe5 46. Kd3 g5 47.
Nc2 c5 48. Ne1 Be4+ 49. Kd2 Kd5 50. Kc3 Bh1 51. Kd3 b4 52. axb4 cxb4 53. Nc2
Be4+ 54. Kd2 Bxc2 55. Kxc2 Ke4 56. Kd2 a3 0-1

[Event "SR 4. liga A21 2011/2012"]
[Site "?"]
[Date "2011.11.06"]
[Round "3.1"]
[White "Kovarik, Oto"]
[Black "Slaby, Jozef"]
[Result "0-1"]
[WhiteElo "2018"]
[BlackElo "1856"]
[PlyCount "176"]
[EventDate "2011.??.??"]

1. e4 c6 2. d4 d5 3. Nd2 dxe4 4. Nxe4 Bf5 5. Ng3 Bg6 6. Nf3 e6 7. Ne5 Nd7 8.
Nxd7 Qxd7 9. Be3 Nf6 10. Be2 Nd5 11. O-O Qc7 12. Bd2 Bd6 13. c4 Nf6 14. Be3 h5
15. Re1 h4 16. Nf1 Rd8 17. Qa4 a6 18. Qb3 Be4 19. f3 Bg6 20. d5 cxd5 21. Rac1
Qb8 22. Bb6 Rc8 23. cxd5 Rxc1 24. Rxc1 Nxd5 25. Bf2 h3 26. g3 Ke7 27. Bc4 Nf6
28. Re1 Qc8 29. Ne3 Rh5 30. Be2 Rg5 31. Kh1 Qc6 32. Nc4 Re5 33. Qd1 Rd5 34. Qb3
Rb5 35. Qd1 Bb4 36. Rf1 Rd5 37. Qb3 Bd6 38. Nxd6 Rxd6 39. Be3 Nd5 40. Bd2 Qb6
41. Qa3 Kd7 42. Bc4 Qd4 43. Qa4+ Rc6 44. Bb5 Qxd2 45. Bxc6+ bxc6 46. Rg1 Qe2
47. Qb3 Qd3 48. Qxd3 Bxd3 49. Re1 Kd6 50. Kg1 c5 51. Kf2 g5 52. Rd1 Bc4 53. b3
Bb5 54. f4 gxf4 55. gxf4 Ke7 56. Kg3 Kf6 57. Rc1 Kf5 58. Rxc5 Bf1 59. Rc1 Bb5
60. a4 Bd3 61. Kxh3 Kxf4 62. Re1 Bf5+ 63. Kh4 Bc2 64. Rf1+ Ke5 65. Rxf7 Bxb3
66. Ra7 Bc4 67. Kg5 Nc3 68. Rc7 Ne4+ 69. Kg6 Bd3 70. Kg7 Nd2 71. Rc5+ Kd4 72.
Rg5 e5 73. h4 e4 74. Kf6 e3 75. Rg1 e2 76. h5 Ne4+ 77. Ke6 Nd2 78. Kd6 Nf3 79.
Rh1 e1=Q 80. Rxe1 Nxe1 81. Kc6 Nc2 82. Kb6 Nb4 83. h6 Kc4 84. a5 Be4 85. Ka7
Kb5 86. Kb8 Kxa5 87. Kc7 Kb5 88. Kd6 a5 0-1

[Event "SR 4. liga A21 2011/2012"]
[Site "?"]
[Date "2011.11.06"]
[Round "3.1"]
[White "Kupkovic, Miroslav"]
[Black "Cerovsky, Marian"]
[Result "0-1"]
[WhiteElo "1836"]
[BlackElo "1733"]
[PlyCount "130"]
[EventDate "2011.??.??"]

1. d4 d5 2. c4 c6 3. Nf3 Nf6 4. Qc2 Bg4 5. Ne5 Bh5 6. Bg5 Ne4 7. Bf4 f6 8. Nd3
Bg6 9. Qb3 b6 10. f3 dxc4 11. Qxc4 Nd6 12. Qc2 Qd7 13. Bxd6 Qxd6 14. e3 Nd7 15.
Qb3 Bf7 16. Qa4 e6 17. Nc3 Be7 18. Be2 O-O 19. O-O f5 20. f4 Rfc8 21. Bf3 Rc7
22. a3 Rac8 23. Rfd1 Nf6 24. Rac1 Nd5 25. Kf2 Be8 26. Qc2 a5 27. Ne5 Bf6 28.
Nc4 Qe7 29. Bxd5 cxd5 30. Nxb6 Rb8 31. Nba4 Bxa4 32. Qxa4 Rxb2+ 33. Kg1 h5 34.
Qxa5 Ra7 35. Qc5 Qf7 36. Qc8+ Kh7 37. Nb1 Rab7 38. Re1 Qg6 39. g3 h4 40. Qxe6
hxg3 41. Qxd5 gxh2+ 42. Kh1 Rb8 43. Qf3 Bh4 44. Red1 Qg4 45. Nd2 Qxf3+ 46. Nxf3
Bf2 47. d5 Bxe3 48. Rc4 Rf2 49. Ng5+ Kg8 50. Ne6 Rbb2 51. Rc8+ Kh7 52. Rc3 Bb6
53. Rg3 Rfd2 54. Rxg7+ Kh6 55. Rxd2 Rxd2 56. Rg2 Rd1+ 57. Kxh2 Rxd5 58. Ra2 Rd6
59. Ng5 Kh5 60. Kg3 Rd3+ 61. Nf3 Rc3 62. a4 Ba5 63. Rh2+ Kg6 64. Rd2 Rxf3+ 65.
Kxf3 Bxd2 0-1

[Event "SR 4. liga A21 2011/2012"]
[Site "?"]
[Date "2011.11.06"]
[Round "3.1"]
[White "Pripko, Bystrik"]
[Black "Dubecky, Ladislav"]
[Result "1-0"]
[WhiteElo "1655"]
[BlackElo "1574"]
[PlyCount "163"]
[EventDate "2011.??.??"]

1. e4 e5 2. Nf3 d6 3. h3 Nf6 4. Nc3 Be7 5. Bc4 O-O 6. d3 Nc6 7. a3 Bd7 8. O-O
Qc8 9. Nh2 h6 10. f4 exf4 11. Bxf4 Ne5 12. Nd5 Nxd5 13. Bxd5 Ng6 14. Bd2 Nh4
15. Qh5 Be6 16. Nf3 Ng6 17. Nd4 Bxd5 18. Qxd5 Ne5 19. Nf5 Bf6 20. Nxh6+ Kh7 21.
Nf5 b6 22. d4 Ng6 23. c3 Qe8 24. Rae1 Rc8 25. Ng3 Bh4 26. Qh5+ Kg8 27. Qf3 a5
28. Re2 Qb5 29. Nf5 Bf6 30. Bc1 Rce8 31. Qh5 c5 32. Nxd6 Qc6 33. Nxe8 Rxe8 34.
e5 Be7 35. Qf3 Qxf3 36. Rxf3 c4 37. a4 Bd8 38. b3 cxb3 39. Rb2 Ne7 40. Rxb3 Nd5
41. c4 Nb4 42. Rb2 Be7 43. Bd2 Rd8 44. d5 Bc5+ 45. Kf1 Re8 46. Bxb4 Bxb4 47.
Re2 Bc5 48. Re4 f6 49. e6 Kf8 50. Ke2 Ke7 51. Rh4 Rg8 52. Kd3 Bd6 53. Rf5 Kf8
54. Rfh5 g5 55. Re4 Be7 56. Rh7 Ke8 57. Kc3 Kf8 58. Rd4 Bc5 59. Rf7+ Ke8 60.
Rd3 Bd6 61. Kb3 Rg6 62. Rd7 Bc5 63. d6 f5 64. Re7+ Kd8 65. Ra7 Rxe6 66. Ra8+
Kd7 67. Ra7+ Kd8 68. d7 Rd6 69. Rxd6 Bxd6 70. Kc3 Be5+ 71. Kd3 Bc7 72. Ra8+
Kxd7 73. Rf8 Ke6 74. Rg8 Kf6 75. Rc8 Bg3 76. Rc6+ Ke5 77. Rxb6 Kf4 78. Rb5 Be1
79. c5 Bb4 80. c6 Bd6 81. Rxa5 Kg3 82. Rxf5 1-0

[Event "SR 4. liga A21 2011/2012"]
[Site "?"]
[Date "2011.11.06"]
[Round "3.2"]
[White "Capanda, Jan"]
[Black "Brath, Zdeno"]
[Result "1-0"]
[WhiteElo "1000"]
[BlackElo "1450"]
[PlyCount "109"]
[EventDate "2011.??.??"]

1. e4 e5 2. Nf3 Nc6 3. Bc4 Bc5 4. d3 h6 5. O-O Nf6 6. Nc3 O-O 7. a3 d6 8. Ba2
Nd4 9. Nxd4 Bxd4 10. h3 c6 11. Ne2 Bb6 12. Kh2 d5 13. exd5 cxd5 14. f4 e4 15.
d4 Re8 16. Be3 Bd7 17. g4 Bxg4 18. Rg1 Bh5 19. Qe1 Qd6 20. Ng3 Bf3 21. Nf5 Qd7
22. Nxg7 Ng4+ 23. Rxg4 Bxg4 24. Nxe8 Rxe8 25. hxg4 Kf8 26. Kg3 Bc7 27. c4 Re6
28. Qb4+ Kg8 29. Qb5 Qc8 30. Rh1 Rg6 31. Rh4 h5 32. Kf2 Rxg4 33. Rxh5 Bxf4 34.
Qxd5 Bxe3+ 35. Kxe3 Rg3+ 36. Kd2 e3+ 37. Kc2 Qe8 38. Rg5+ Rxg5 39. Qxg5+ Kf8
40. Qe5 Qxe5 41. dxe5 e2 42. Kd2 e1=Q+ 43. Kxe1 Ke7 44. c5 f5 45. Ke2 Kd7 46.
Bd5 b6 47. c6+ Kc7 48. Kf3 b5 49. Kf4 a5 50. Kxf5 Kd8 51. Ke6 Kc7 52. b3 b4 53.
a4 Kc8 54. Kd6 Kd8 55. c7+ 1-0

[Event "SR 4. liga A21 2011/2012"]
[Site "?"]
[Date "2011.11.06"]
[Round "3.2"]
[White "Jablonicky, Boris"]
[Black "Skapik, Branislav"]
[Result "0-1"]
[WhiteElo "1720"]
[BlackElo "1848"]
[PlyCount "52"]
[EventDate "2011.??.??"]

1. c4 Nf6 2. Nc3 g6 3. Nf3 Bg7 4. g3 b6 5. Bg2 Bb7 6. O-O O-O 7. d3 d6 8. Rb1
c5 9. a3 Nc6 10. b4 Nd7 11. Bd2 Rb8 12. Qc2 Nde5 13. Be3 Qd7 14. bxc5 dxc5 15.
Nb5 Nxf3+ 16. Bxf3 Ne5 17. Bxb7 Rxb7 18. Bd2 Qh3 19. f3 h5 20. Bc3 a6 21. Bxe5
Bxe5 22. Nc3 h4 23. Ne4 hxg3 24. hxg3 Bd4+ 25. Nf2 Qxg3+ 26. Kh1 Kg7 0-1

[Event "SR 4. liga A21 2011/2012"]
[Site "?"]
[Date "2011.11.06"]
[Round "3.2"]
[White "Likavska, Barbora"]
[Black "Bango, Lukas"]
[Result "1/2-1/2"]
[WhiteElo "1861"]
[BlackElo "1364"]
[PlyCount "29"]
[EventDate "2011.??.??"]

1. d4 Nf6 2. c4 g6 3. Nc3 Bg7 4. e4 d6 5. f3 O-O 6. Be3 Nc6 7. Qd2 Bd7 8. Nge2
a6 9. O-O-O b5 10. Ng3 b4 11. Nd5 a5 12. h4 e6 13. Nxf6+ Bxf6 14. h5 a4 15. f4
1/2-1/2

[Event "SR 4. liga A21 2011/2012"]
[Site "?"]
[Date "2011.11.06"]
[Round "3.2"]
[White "Sadlon, Matus"]
[Black "Lezovic, Martin"]
[Result "1-0"]
[WhiteElo "1608"]
[BlackElo "1380"]
[PlyCount "125"]
[EventDate "2011.??.??"]

1. e4 e5 2. Nf3 Nc6 3. Bc4 h6 4. c3 d6 5. h3 Be7 6. d4 exd4 7. cxd4 Na5 8. Qa4+
c6 9. Bd3 b5 10. Qc2 Qb6 11. O-O Bd7 12. Nbd2 O-O-O 13. Nb3 Nxb3 14. Qxb3 f6
15. Be3 a5 16. a4 Kb7 17. Rfc1 b4 18. d5 c5 19. Nd2 g5 20. Nc4 Qc7 21. Na3 h5
22. Nc2 h4 23. Qc4 Ra8 24. Nd4 Nh6 25. f4 g4 26. f5 gxh3 27. gxh3 Rhg8+ 28. Kh2
Nf7 29. Bf4 Qb6 30. Nf3 Rh8 31. b3 Ng5 32. Nxg5 fxg5 33. Be3 Bf6 34. Ra2 Be5+
35. Kh1 Rag8 36. Rg2 Bg3 37. Be2 Be8 38. Bg4 Bh5 39. Rf1 Qa6 40. Qxa6+ Kxa6 41.
f6 Rf8 42. Bxg5 Bxg4 43. hxg4 Rhg8 44. Bh6 Rf7 45. Bg7 Rgxg7 46. fxg7 Rxf1+ 47.
Rg1 Rf2 48. Rxg3 hxg3 49. g8=Q Rh2+ 50. Kg1 Rb2 51. Qa8+ Kb6 52. Qb8+ Ka6 53.
Qb5+ Ka7 54. Qd3 Kb6 55. Qxg3 Kc7 56. g5 Rc2 57. g6 Rc3 58. Qf4 Rxb3 59. g7
Rb1+ 60. Kf2 Rb2+ 61. Kg3 b3 62. g8=Q c4 63. Qg7+ 1-0

[Event "SR 4. liga A21 2011/2012"]
[Site "?"]
[Date "2011.11.06"]
[Round "3.2"]
[White "Sahidi, Samir"]
[Black "Sadlon, Juraj"]
[Result "1-0"]
[WhiteElo "1449"]
[BlackElo "1860"]
[PlyCount "45"]
[EventDate "2011.??.??"]

1. e4 d5 2. exd5 Nf6 3. c4 c6 4. dxc6 Nxc6 5. Nf3 Bf5 6. d4 e6 7. Nc3 Bb4 8.
Be2 Ne4 9. Bd2 Nxd2 10. Qxd2 O-O 11. a3 Be7 12. O-O Bf6 13. Rad1 Qb6 14. d5
Rad8 15. Qc1 Ne7 16. dxe6 Qxe6 17. Rfe1 a6 18. Bd3 Qc8 19. Bxf5 Qxf5 20. Ne4
Bxb2 21. Qxb2 Rxd1 22. Rxd1 Qxe4 23. Re1 1-0

[Event "SR 4. liga A21 2011/2012"]
[Site "?"]
[Date "2011.11.06"]
[Round "3.3"]
[White "Bajcar, Pavol"]
[Black "Kubik, Peter"]
[Result "0-1"]
[WhiteElo "1627"]
[BlackElo "1668"]
[PlyCount "90"]
[EventDate "2011.??.??"]

1. d4 d5 2. Bf4 Nf6 3. e3 e6 4. Bd3 Bd6 5. Bg3 Ne4 6. Nd2 f5 7. Ngf3 Nd7 8. Ne5
Nxg3 9. hxg3 Nxe5 10. dxe5 Bxe5 11. c3 Bd7 12. g4 Qf6 13. Nf3 Bd6 14. gxf5 exf5
15. Qb3 O-O-O 16. Qxd5 f4 17. Qd4 Qxd4 18. exd4 Rhe8+ 19. Kd2 h6 20. Rae1 Bc6
21. Nh4 g5 22. Nf5 Rxe1 23. Kxe1 Bxg2 24. Rxh6 Bd5 25. b3 b6 26. Nxd6+ Rxd6 27.
Bf5+ Kd8 28. Rh5 Be6 29. Rxg5 Rd5 30. Rg6 Bxf5 31. Rf6 Ke7 32. Rc6 Rd7 33. Rh6
Rd6 34. Rh4 Re6+ 35. Kd2 f3 36. Rf4 Re2+ 37. Kc1 Be4 38. a3 Bb7 39. c4 Rxf2 40.
d5 Bc8 41. Kd1 Bh3 42. Re4+ Kd6 43. Ke1 Rf1+ 44. Kd2 f2 45. Ke2 Re1+ 0-1

[Event "SR 4. liga A21 2011/2012"]
[Site "?"]
[Date "2011.11.06"]
[Round "3.3"]
[White "Baumgartner, Milan"]
[Black "Madzo, Anton"]
[Result "0-1"]
[WhiteElo "1592"]
[BlackElo "1526"]
[PlyCount "86"]
[EventDate "2011.??.??"]

1. c4 c5 2. Nc3 Nc6 3. e4 e5 4. a3 Nf6 5. h3 g6 6. Bd3 a6 7. Nge2 Bg7 8. O-O
O-O 9. Bc2 d6 10. d3 h6 11. f4 exf4 12. Bxf4 Ne8 13. Ra2 Be6 14. Qe1 Nd4 15. b3
Qd7 16. h4 b5 17. Qc1 Kh7 18. Bb1 b4 19. axb4 cxb4 20. Nd5 Bxd5 21. exd5 Nxb3
22. Qe1 a5 23. Qg3 Nd4 24. Kh1 f5 25. Nxd4 Bxd4 26. Bxh6 Kxh6 27. Qg5+ Kh7 28.
h5 Qg7 29. g4 Bf6 30. hxg6+ Qxg6 31. Rh2+ Kg7 32. Qxf5 Qxf5 33. Rxf5 Rh8 34.
Rxh8 Kxh8 35. Rh5+ Kg7 36. d4 Kf8 37. g5 Bxd4 38. g6 Ra7 39. Rf5+ Kg7 40. Rh5
Kf6 41. Rf5+ Kg7 42. Rh5 Nf6 43. Rh4 Bc3 0-1

[Event "SR 4. liga A21 2011/2012"]
[Site "?"]
[Date "2011.11.06"]
[Round "3.3"]
[White "Hornacek, Vendelin"]
[Black "Podjavorinsky, Michal"]
[Result "1-0"]
[WhiteElo "1599"]
[BlackElo "1000"]
[PlyCount "91"]
[EventDate "2011.??.??"]

1. e4 e5 2. Nf3 Nc6 3. Bc4 Bc5 4. Nc3 Nf6 5. d3 h6 6. O-O O-O 7. a3 d6 8. h3
Bd4 9. Nxd4 Nxd4 10. Nd5 Be6 11. Nxf6+ Qxf6 12. Bxe6 Qxe6 13. c3 Nb3 14. Rb1
Nxc1 15. Qxc1 f5 16. f3 Rf6 17. d4 Raf8 18. d5 Qd7 19. Qc2 f4 20. Qf2 b6 21.
Kh2 g5 22. Rg1 Kg7 23. Rbf1 h5 24. g4 h4 25. Qc2 Qb5 26. a4 Qa6 27. b4 Qb7 28.
Ra1 a6 29. Rgc1 Ra8 30. a5 b5 31. c4 Rf7 32. Rab1 Raf8 33. Qb2 Kg8 34. c5 Qa7
35. Rc3 Rd7 36. Rbc1 Rb8 37. Qc2 Kf7 38. cxd6 cxd6 39. Rc6 Rbb7 40. Qc3 Kf6 41.
Rc8 Kf7 42. Kg2 Ke7 43. Rh8 Kf6 44. Qc8 Rh7 45. Qe6+ Kg7 46. Rg8# 1-0

[Event "SR 4. liga A21 2011/2012"]
[Site "?"]
[Date "2011.11.06"]
[Round "3.3"]
[White "Tomasovic, Martin"]
[Black "Geher, Stanislav"]
[Result "1/2-1/2"]
[WhiteElo "1490"]
[BlackElo "1528"]
[PlyCount "110"]
[EventDate "2011.??.??"]

1. e4 e5 2. Nf3 Nc6 3. Bc4 Nf6 4. d3 h6 5. Nc3 Bb4 6. Be3 O-O 7. O-O d6 8. h3
a6 9. Qd2 Kh8 10. a3 Ba5 11. b4 Bb6 12. Bxb6 cxb6 13. Nd5 b5 14. Bb3 Ng8 15. c4
Be6 16. cxb5 axb5 17. Rfe1 f5 18. Qb2 fxe4 19. dxe4 Bxh3 20. Re3 Be6 21. Nb6
Qxb6 22. Bxe6 Nge7 23. Rd1 Rad8 24. Red3 Qc7 25. Qd2 Nc8 26. Bxc8 Qxc8 27. Rxd6
Rxd6 28. Qxd6 Rd8 29. Nxe5 Rxd6 30. Nf7+ Kh7 31. Nxd6 Qd8 32. Rd5 Ne7 33. Nxb7
Qc7 34. Rxb5 Qc1+ 35. Kh2 Qxa3 36. Nc5 Qb2 37. Nd3 Qe2 38. Re5 Nc6 39. Re6 Nxb4
40. Nxb4 Qc4 41. Nd5 Qc8 42. Re7 Qb8+ 43. g3 Qf8 44. Kg2 Kh8 45. Nf4 Kh7 46.
Nd5 Kg8 47. Re5 Kh8 48. Nf4 Kh7 49. Ne6 Qf6 50. f4 g5 51. Nxg5+ hxg5 52. Rxg5
Qb2+ 53. Kh3 Qe2 54. e5 Kh6 55. Kh4 Qh2+ 1/2-1/2

[Event "SR 4. liga A21 2011/2012"]
[Site "?"]
[Date "2011.11.06"]
[Round "3.3"]
[White "Vogl, Zdenek"]
[Black "Podjavorinsky, Peter"]
[Result "1-0"]
[WhiteElo "1928"]
[BlackElo "1733"]
[PlyCount "71"]
[EventDate "2011.??.??"]

1. e4 e5 2. Nf3 Nf6 3. d3 Nc6 4. Be2 Be7 5. O-O O-O 6. Nc3 d5 7. exd5 Nxd5 8.
Nxd5 Qxd5 9. b3 Bf5 10. Bb2 Rad8 11. Qc1 Nd4 12. Nxd4 exd4 13. Bf3 Qb5 14. a4
Qa6 15. Qf4 Qg6 16. Bxb7 Bd6 17. Qh4 Rfe8 18. Rfe1 Bb4 19. Rxe8+ Rxe8 20. Bxd4
Bd2 21. f3 Qd6 22. Qf2 Re2 23. Bc5 Rxf2 24. Bxd6 Bc3 25. Kxf2 Bxa1 26. Bxc7
Bd4+ 27. Ke2 Be6 28. Bf4 a5 29. Be3 Bc3 30. Bd2 Be5 31. Bxa5 Bxh2 32. c4 Kf8
33. d4 Bf5 34. Be4 Bd7 35. c5 f5 36. Bb7 1-0

[Event "SR 4. liga A21 2011/2012"]
[Site "?"]
[Date "2011.11.06"]
[Round "3.4"]
[White "Bjel, Lubos"]
[Black "Bartos, Bohumil"]
[Result "1-0"]
[WhiteElo "1671"]
[BlackElo "1557"]
[PlyCount "37"]
[EventDate "2011.??.??"]

1. e4 d6 2. d4 Nf6 3. Nc3 g6 4. Bc4 Bg7 5. Be3 O-O 6. Qe2 c6 7. O-O-O Qc7 8. f4
b5 9. Bd3 Ng4 10. f5 Nxe3 11. Qxe3 b4 12. Na4 Qa5 13. b3 c5 14. dxc5 dxc5 15.
Qxc5 Qxc5 16. Nxc5 Nd7 17. Nxd7 Bxd7 18. fxg6 fxg6 19. Bc4+ 1-0

[Event "SR 4. liga A21 2011/2012"]
[Site "?"]
[Date "2011.11.06"]
[Round "3.4"]
[White "Krchnak, Rudolf"]
[Black "Planka, Peter"]
[Result "1-0"]
[WhiteElo "1878"]
[BlackElo "1832"]
[PlyCount "43"]
[EventDate "2011.??.??"]

1. d4 Nf6 2. Nc3 d5 3. Bg5 e6 4. e4 dxe4 5. Nxe4 Be7 6. Bxf6 Bxf6 7. Nf3 O-O 8.
c3 b6 9. Bd3 Nd7 10. Qe2 Bb7 11. h4 c5 12. Neg5 h6 13. Bh7+ Kh8 14. Be4 Bxe4
15. Qxe4 Bxg5 16. hxg5 f5 17. Qh4 Kh7 18. O-O-O f4 19. Rde1 Rf5 20. Rxe6 Nf6
21. gxf6 Qd7 22. Re7 1-0

[Event "SR 4. liga A21 2011/2012"]
[Site "?"]
[Date "2011.11.06"]
[Round "3.4"]
[White "Kubis, Ivan"]
[Black "Smrek, Peter"]
[Result "1-0"]
[WhiteElo "2002"]
[BlackElo "1892"]
[PlyCount "75"]
[EventDate "2011.??.??"]

1. e4 e5 2. Nf3 Nf6 3. d4 Nxe4 4. Bd3 d5 5. Nxe5 Bd6 6. Nd2 Qf6 7. O-O O-O 8.
Nxe4 dxe4 9. Bxe4 Bxe5 10. dxe5 Qxe5 11. Qf3 c6 12. Bd2 f5 13. Bd3 Qd5 14. Qf4
Kh8 15. Bc3 Nd7 16. Rad1 Nf6 17. Rfe1 Be6 18. Re5 Qd7 19. Be2 Nd5 20. Qf3 Qf7
21. Bd4 Rfe8 22. c4 Nb6 23. b3 Nd7 24. Re3 Nf6 25. h3 a5 26. Bd3 Nd7 27. Rde1
c5 28. Bc3 Nb6 29. Re5 Nd7 30. R5e3 Nb6 31. Qf4 Ra6 32. Rg3 Rg8 33. h4 a4 34.
h5 Nd7 35. h6 Nf6 36. hxg7+ Rxg7 37. Qb8+ Qe8 38. Bxf6 1-0